banner koha

Parcelamento da adubacao nitrogenada em cana-planta no norte do estado do Rio de Janeiro (Registro n. 141993)

MARC details
000 -LÍDER
campo de controle de tamanho fixo 00990nas a2200325 4500
001 - NÚMERO DE CONTROLE
campo de controle BR9503944
003 - IDENTIFICADOR DO NÚMERO DE CONTROLE
campo de controle BR-BrBNA
005 - DATA E HORÁRIO DA ÚLTIMA TRANSAÇÃO
campo de controle 20231205094102.0
007 - CAMPO FIXO DE DESCRIÇÃO FÍSICA--INFORMAÇÃO GERAL
campo de controle de tamanho fixo ta
008 - CAMPO DE DADOS FIXOS--INFORMAÇÃO GERAL
campo de controle de tamanho fixo 230509b bl.|||p| |||| 00| 00por d
040 ## - FONTE DA CATALOGAÇÃO
Instituição da catalogação original BR-BrBNA
Idioma da catalogação por
Instituição que transcreveu o registro Biblioteca Nacional de Agricultura
041 ## - CÓDIGO DE IDIOMA
Código do idioma do texto/trilha sonora ou título diferente (Pt)
072 ## - CÓDIGO DE CATEGORIA DE ASSUNTO
Código de Categoria de Assunto F61; F04
100 1# - ENTRADA PRINCIPAL--NOME PESSOAL
Nome pessoal Azeredo, D.F.
100 1# - ENTRADA PRINCIPAL--NOME PESSOAL
Nome pessoal Bolsanello, J.
100 1# - ENTRADA PRINCIPAL--NOME PESSOAL
Nome pessoal Lima, E.
100 1# - ENTRADA PRINCIPAL--NOME PESSOAL
Nome pessoal Fernandes, M.S.
100 1# - ENTRADA PRINCIPAL--NOME PESSOAL
Nome pessoal Vieira, J.R.
245 1# - TÍTULO
Título Parcelamento da adubacao nitrogenada em cana-planta no norte do estado do Rio de Janeiro
650 ## - ASSUNTO--TERMO TÓPICO
Cabeçalho tópico ou nome geográfico Cana de Acucar
650 ## - ASSUNTO--TERMO TÓPICO
Cabeçalho tópico ou nome geográfico Fertilizante Nitrogenado
650 ## - ASSUNTO--TERMO TÓPICO
Cabeçalho tópico ou nome geográfico Metodo de Aplicacao
650 ## - ASSUNTO--TERMO TÓPICO
Cabeçalho tópico ou nome geográfico Analise Quantitativa
650 ## - ASSUNTO--TERMO TÓPICO
Cabeçalho tópico ou nome geográfico Cambissolo
650 ## - ASSUNTO--TERMO TÓPICO
Cabeçalho tópico ou nome geográfico Podzolico
650 ## - ASSUNTO--TERMO TÓPICO
Cabeçalho tópico ou nome geográfico Rio de Janeiro
773 0# - ENTRADA ANALÍTICA
Título Revista Brasileira de Ciencia do Solo (Brazil)
ISSN - International Standard Serial Number ISSN 0100-0683
Partes relacionadas (Sep-Dec 1994), v. 18(3) p. 441-447
Número de controle do registro BR9503944
909 ## -
-- 202311
-- Lúcia
-- 55
-- Lúcia Elande
942 ## - ELEMENTOS DE ENTRADA ADICIONADOS (KOHA)
Fonte da classificação ou esquema de arquivamento na estante Classificação AGRIS
Ocultar no OPAC Não
Tipo de material Koha Analítica
Exemplares
Situação do descarte Fonte da classificação ou esquema de arquivamento na estante Situação física Não pode ser emprestado Biblioteca de origem Biblioteca atual Localização na estante Enumeração do periódico / cronologia Total de empréstimos Data de último acesso Número do exemplar Tipo de material Koha Fonte de aquisição
  Classificação AGRIS   Consulta local Biblioteca Nacional de Agricultura - Binagri Biblioteca Nacional de Agricultura - Binagri   (Sep-Dec 1994), v. 18(3) p. 441-447   29/11/2023 01 Periódicos Portaria Interministerial nº 164/94

BINAGRI

Telefone: (61)3218-2567/2388/3357/2097 - binagri@agro.gov.br

Ministério da Agricultura e Pecuária , Esplanada dos Ministérios, Bloco D, Anexo B, Brasília/DF, CEP: 70.043-900